Dictionnaire des religions / (Record no. 92677)

MARC details
000 -LEADER
campo de control de longitud fija 00761nam a2200253 i 4500
001 - NÚMERO DE CONTROL
campo de control 92677
003 - IDENTIFICADOR DE NÚMERO DE CONTROL
campo de control ES-MaACL
005 - FECHA Y HORA DE LA ÚLTIMA TRANSACCIÓN
campo de control 20240503113020.0
007 - CAMPO FIJO DE DESCRIPCIÓN FÍSICA--INFORMACIÓN GENERAL
campo de control de longitud fija t|
008 - DATOS DE LONGITUD FIJA--INFORMACIÓN GENERAL
campo de control de longitud fija 050415s1992 fr ||||1| fre d
020 ## - NÚMERO INTERNACIONAL ESTÁNDAR DEL LIBRO
Número Internacional Estándar del Libro 2-266-05012-5
080 ## - NÚMERO DE LA CLASIFICACIÓN DECIMAL UNIVERSAL
Número de la Clasificación Decimal Universal 291(038)
100 1# - ENTRADA PRINCIPAL--NOMBRE DE PERSONA
Nombre de persona Eliade, Mircea.
9 (RLIN) 46955
245 10 - MENCIÓN DEL TÍTULO
Título Dictionnaire des religions /
Mención de responsabilidad, etc. Mircea Eliade, Ioan P. Couliano ; avec la collaboration de H.S. Wiesner.
260 ## - PUBLICACIÓN, DISTRIBUCIÓN, ETC.
Lugar de publicación, distribución, etc. [S.l.] :
Nombre del editor, distribuidor, etc. Plon,
Fecha de publicación, distribución, etc. [1992]
300 ## - DESCRIPCIÓN FÍSICA
Extensión 364 p. ;
Dimensiones 18 cm.
490 1# - MENCIÓN DE SERIE
Mención de serie Agora
650 14 - PUNTO DE ACCESO ADICIONAL DE MATERIA--TÉRMINO DE MATERIA
Término de materia o nombre geográfico como elemento de entrada Religiones-
Subdivisión general Diccionarios.
9 (RLIN) 16819
700 1# - ENTRADA AGREGADA--NOMBRE PERSONAL
Nombre de persona Couliano, Ioan P.
9 (RLIN) 41238
700 1# - ENTRADA AGREGADA--NOMBRE PERSONAL
Nombre de persona Wiesner, H. S.
9 (RLIN) 116784
830 0# - PUNTO DE ACCESO ADICIONAL DE SERIE-TÍTULO UNIFORME
Título uniforme Colección Ágora
9 (RLIN) 180771
852 ## - LOCALIZACIÓN
Ubicación ES-MaACL
Número de control de estantería E-10974
Sublocalización o colección R.134761
Holdings
Estatus retirado Estado de pérdida Estado de daño No para préstamo Biblioteca de origen Biblioteca actual Ubicación en estantería Fecha de adquisición Fuente de adquisición Total de préstamos Signatura topográfica completa Código de barras Visto por última vez Precio de reemplazo Tipo de ítem Koha
        Biblioteca del Ateneo de Madrid Biblioteca del Ateneo de Madrid Depósito 2 17/01/2008     E-10974 1096751 23/02/2023 23/02/2023 Libro impreso